000 01239nam a22002657a 4500
005 20170124103114.0
010 _aA-931919
020 _c00.00
035 _aA-931919
037 _bCen Lib/Ret
040 _aDPL
_bHN
082 _a350
_bप्रशास
245 _aप्रशासकों के लिए प्रभावी कार्य कौशल विधि /
_cसम्पादक वी.के.अग्निहोत्री
246 _aPrashasakon ke liye prabhavi karye kaushal vidhi /
_bsampadak V.K.Agnihotri
260 _aनई दिल्ली
_bविकास पब्लिशिंग हाउस
_c1999
270 _bनई दिल्ली
_a576, मस्जिद रोड, जंगपूरा
_e110014
300 _axxiv,308पृ.
_c20सेमी(सजिल्द)
500 _aअनुक्रमाणिका शामिल
650 _aसमय का प्रबंधन
_943165
650 _aरिपोर्ट लेखन
_9147
650 _aTime Management
_916925
650 _aReport writing
_980285
700 _aअग्निहोत्री, वी.के.
_951979
942 _2ddc
_cHN
_h350
_mप्रशास
999 _c118463
_d118463